Normal view
MARC view
Entry Topical Term
001 - CONTROL NUMBER
- control field: 25773
003 - CONTROL NUMBER IDENTIFIER
- control field: OSt
005 - DATE AND TIME OF LATEST TRANSACTION
- control field: 20140304143818.0
008 - FIXED-LENGTH DATA ELEMENTS
- fixed length control field: 140304|| aca||aabn | a|a d
040 ## - CATALOGING SOURCE
- Original cataloging agency: OSt
- Transcribing agency: OSt
600 ## -
- : Fathers and daughters
- : United States
- : Drama.
670 ## - SOURCE DATA FOUND
- Source citation: Work cat.: (OSt)0: Father of the bride, [2006]
